000 01293nam2a2200289 4500
001 RU\NLR\bibl\1231309
005 20250615114342.0
010 _a978-5-93061-019-2
_93000
021 _aRU
_b2008-22816
_91254
021 _aRU
_b2008-27247
_91506
035 _a(NLR Aleph) 001217577
090 _a117679
_c117679
100 _a20080523d2007 |||y0rusy50 ca
101 0 _arus
102 _aRU
105 _aa |||||||||
200 1 _aСписки церквей и монастырей
210 _d2007
_aБ. м.
215 _a255 с.
_cил., цв. ил., портр.
320 _aБиблиогр.: с. 254
320 _aАлф. список церквей, ныне существующих и бывших на территории Вологод. обл., с указ. престолов: с. 117-227
461 0 _1001RU\NLR\bibl\1390970
_12001#$aЦерковно-исторический атлас Вологодской области$v[Т.] 1
_91114043
_cВологда
_d2007
_fВолог. православ. духов. уч-ще
_nДревности Севера
_tЦерковно-исторический атлас Вологодской области
_v[Т.] 1
801 0 _aRU
_bNLR
_c20080523
_gRCR
801 1 _aRU
_bNLR
_c20080523
942 _cBOOK
980 _aNB